TEXTBOOK OF INTRODUCTORY PLANT NEMATOLOGY (Record no. 5443)

MARC details
000 -LEADER
fixed length control field 00385nam a22001457a 4500
005 - DATE AND TIME OF LATEST TRANSACTION
control field 20170409142035.0
008 - FIXED-LENGTH DATA ELEMENTS--GENERAL INFORMATION
fixed length control field 170409b xxu||||| |||| 00| 0 eng d
020 ## - INTERNATIONAL STANDARD BOOK NUMBER
ISBN 978-81-910-388-4-2
041 ## - LANGUAGE CODE
Language code of text/sound track or separate title eng
100 ## - MAIN ENTRY--AUTHOR NAME
Personal name WALIA, RAMAN K.AND BAJAJ, HARISH. K.
245 ## - TITLE STATEMENT
Title TEXTBOOK OF INTRODUCTORY PLANT NEMATOLOGY
260 ## - PUBLICATION, DISTRIBUTION, ETC. (IMPRINT)
Place of publication NEW DELHI
Name of publisher ICAR
Year of publication 2016
300 ## - PHYSICAL DESCRIPTION
Number of Pages 240
942 ## - ADDED ENTRY ELEMENTS (KOHA)
Koha item type Books
Holdings
Lost status Damaged status Collection code Home library Current library Shelving location Date acquired Source of acquisition Cost, normal purchase price Full call number Accession Number Koha item type
    Reference JRU Library JRU Library SHELF-2-C 09/04/2017 PURCHESS 800.00 632.7 21756 Books
    AGRICULTURE JRU Library JRU Library SHELF-16-C 09/04/2017 PURCHESS 800.00   21757 Books
    AGRICULTURE JRU Library JRU Library SHELF-46-E 09/04/2017 PURCHESS 800.00   21758 Books
    AGRICULTURE JRU Library JRU Library SHELF-46-E 09/04/2017 PURCHESS 800.00   21759 Books
    AGRICULTURE JRU Library JRU Library SHELF-46-E 09/04/2017 PURCHESS 800.00   21760 Books
    AGRICULTURE JRU Library JRU Library SHELF-46-E 09/04/2017 PURCHESS 800.00   21761 Books
    AGRICULTURE JRU Library JRU Library SHELF-46-E 09/04/2017 PURCHESS 800.00   21762 Books
    AGRICULTURE JRU Library JRU Library SHELF-46-E 09/04/2017 PURCHESS 800.00   21763 Books